书目信息 |
| 题名: |
三岁前儿童心理的发展
|
|
| 作者: | 李长岷 选编 | |
| 分册: | ||
| 出版信息: | 北京 北京师范大学出版社 1982 |
|
| 页数: | 202页 | |
| 开本: | 21cm | |
| 丛书名: | ||
| 单 册: | ||
| 中图分类: | B844.11 , B84 | |
| 科图分类: | ||
| 主题词: | 婴幼儿心理学:发展心理学 , 发展心理学:婴幼儿心理学 , 心理学 | |
| 电子资源: | ||
| ISBN: | ||
| 000 | 00705nam0 2200265 45 | |
| 001 | 1232877234 | |
| 005 | 20120929091009.67 | |
| 010 | @dCNY0.82 | |
| 091 | @aCN@b7243.72 | |
| 100 | @a19950226d1982 emky0chiy0121 ea | |
| 101 | 0 | @achi |
| 102 | @aCN@b110000 | |
| 105 | @ay z 000yy | |
| 200 | 10 | @a三岁前儿童心理的发展@Asan sui qian er tong xin li de fa zhan@f李长岷等选编 |
| 210 | @a北京@c北京师范大学出版社@d1982 | |
| 215 | @a202页@d21cm | |
| 606 | 0 | @a婴幼儿心理学:发展心理学 |
| 606 | 0 | @a发展心理学:婴幼儿心理学 |
| 606 | 0 | @a心理学 |
| 690 | @aB844.11@v3 | |
| 690 | @aB84@v4 | |
| 701 | 0 | @a李长岷@Ali chang min@4选编 |
| 801 | 0 | @aCN@bTSSF |
| 801 | 2 | @aCN@bNLC |
| 905 | @a10447@dB84@eJY84 | |
| 三岁前儿童心理的发展/李长岷等选编.-北京:北京师范大学出版社,1982 |
| 202页;21cm |
| ISBN :CNY0.82 |
| ● |
| 相关链接 |
|
|
|
|
正题名:三岁前儿童心理的发展
索取号:B84/JY84
 
预约/预借
| 序号 | 登录号 | 条形码 | 馆藏地/架位号 | 状态 | 备注 |
| 1 | 7830262 | 278302622 | 学院路分馆/ [索取号:B84/JY84] | 在馆 | |
| 2 | 7830263 | 278302631 | 学院路分馆/ [索取号:B84/JY84] | 在馆 | |
| 3 | 7830264 | 278302640 | 学院路分馆/ [索取号:B84/JY84] | 在馆 | |
| 4 | 7830265 | 278302659 | 学院路分馆/ [索取号:B84/JY84] | 在馆 | |
| 5 | 7830266 | 278302668 | 学院路分馆/ [索取号:B84/JY84] | 在馆 |